Music Quiz

Random Music or Classical Quiz

A Sporcler's Guide to the Orchestra Quiz Stats

 Plays Quiz Updated May 3, 2016

Challenge
Share
Tweet
Score 0/14 Timer 05:00
12 Plays Today
% Correct
Conductor
92.1%
Miscellaneous Percussion
88.1%
Organ
88%
Tuba
88%
Trombones
87.9%
Cellos
87.7%
Timpani
87.4%
% Correct
Double Bass
86.7%
Trumpets
86.7%
Woodwind
85.7%
Horns
78%
First Violins
77.7%
Second Violins
71.2%
Violas
67.7%

You're not logged in!

Compare scores with friends on all Sporcle quizzes.
OR
Log In

You Might Also Like...

Show Comments

Extras

Top Quizzes Today


Score Distribution

Your Account Isn't Verified!

In order to create a playlist on Sporcle, you need to verify the email address you used during registration. Go to your Sporcle Settings to finish the process.

Report this User

Report this user for behavior that violates our Community Guidelines.

Details: